| 000 | 00635nam a2200229 a 4500 | ||
|---|---|---|---|
| 005 | 20210219152826.0 | ||
| 008 | 991125n 000 0 eng u | ||
| 035 | _aUPN01000062518 | ||
| 100 | 1 | _aDuerden, Bob | |
| 100 | 1 | _aFortune, Don | |
| 100 | 1 | _aJohnson, Mel | |
| 222 | 0 | _aBRITISH JOURNAL OF SPECIAL EDUCATION | |
| 245 | 0 | 0 | _aAccess and progress in science |
| 260 | _aEstados Unidos | ||
| 300 | _a59-62 | ||
| 362 | 0 | _a1992 Vol. 19, no. 2 | |
| 653 | 0 | _aCURRICULUM CIENTIFICO | |
| 653 | 0 | _aDESARROLLO DE LA ENSE\197ANZA | |
| 653 | 0 | _aESTUDIANTES CON NECESIDADES ESPECIALES | |
| 904 |
_aAC _b000329 |
||
| 905 | _aArticulo | ||
| 999 |
_c61764 _d61764 |
||